000 04098cam a22007094i 4500
003 PE-LiUPU
005 20250731172716.0
008 150617s1996 ag r 000 0 spa d
035 _a(Sirsi) a10772
040 _aPE-LiUPU
_bspa
_cPE-LiUPU
_erda
049 _aPRUA
082 0 4 _a232.3
_bH39
_221
100 1 _aHeppenstall, Edward,
_eautor.
245 1 0 _aNuestro sumo Sacerdote :
_bJesucristo en el santuario celestial /
_cEdward Heppenstall.
264 1 _aArgentina :
_bEditorial Ceapé,
_c[1996]
300 _a168 páginas ;
_c23 centímetros
336 _atext
_2rdacontent
337 _aunmediated
_2rdamedia
338 _avolume
_2rdacarrier
500 _aEdición mimeografiada.
505 0 _aUna verdad bíblica esencial -- El significado de la expiación -- Cristo nuestro sacrificio -- Cristo nuestro sumo Sacerdote -- El día de la expiación -- El juicio anterior al advenimiento -- Juzgados según sus obras -- Las setenta semanas -- Entonces el santuario emergerá victorioso -- La hora del juicio de Dios -- La segunda venida de Cristo -- La iglesia remanente.
526 _aSEG42
526 _aSEG41
526 _aSEG40
526 _aSEG39
526 _aP94
526 _aP87
526 _aP86
526 _aP85
526 _aP77
526 _aP76
526 _aP35
600 1 _aJesucristo
650 0 4 _aSantuario celestial.
910 _ajck
_bjvq
_cjck
_d20150616
942 _2ddc
_cBOOK
949 _a232.3 H39
_wDEWEY
_c1
_i13566
_lCCODEBUL1
_mBUL
_p00.00
_r0
_sY
_tBOOK
_u2015-04-21
_xTEOLOGIA
_PP35
_0COMPRA
_o.STAFF. Colección General
949 _a232.3 H39
_wDEWEY
_c2
_i23647
_lCCODEBUL1
_mBUL
_p00.00
_r0
_sY
_tBOOK
_u2015-04-21
_xTEOLOGIA
_PP35
_0COMPRA
_o.STAFF. Colección General
949 _a232.3 H39
_wDEWEY
_c3
_i33678
_lCCODEBUL1
_mBUL
_p00.00
_r0
_sY
_tBOOK
_u2015-04-21
_xTEOLOGIA
_PP35
_0COMPRA
_o.STAFF. Colección General
949 _a232.3 H39
_wDEWEY
_c4
_i37087
_lCCODEBUL1
_mBUL
_p00.00
_r0
_sY
_tBOOK
_u19760913
_xTEOLOGIA
_PP35
_0COMPRA
_o.STAFF. Colección General
949 _a232.3 H39
_wDEWEY
_c5
_i11480
_lCCODEBUL1
_mBUL
_p00.00
_r0
_sY
_tBOOK
_u2015-04-21
_xTEOLOGIA
_PP35
_0COMPRA
_o.STAFF. Colección General
949 _a232.3 H39
_wDEWEY
_c6
_i13565
_lCCODEBUL1
_mBUL
_p00.00
_r0
_sY
_tBOOK
_u2015-04-21
_xTEOLOGIA
_PP35
_0COMPRA
_o.STAFF. Colección General
949 _a232.3 H39
_wDEWEY
_c7
_i17105
_lCCODEBUL1
_mBUL
_p00.00
_r0
_sY
_tBOOK
_u2015-04-21
_xTEOLOGIA
_PP35
_0COMPRA
_o.STAFF. Colección General
994 _aC0
_bPEPRU
596 _a1
999 _a232.3 H39
_wDEWEY
_c853
_i13566
_d853
_f2021-11-10
_g5
_lCCODEBUL1
_mBUL
_q1
_r0
_sY
_tBOOK
_u2015-4-21
_xTEOLOGIA
_PP35
_0COMPRA
_o.STAFF. Colección General
999 _a232.3 H39
_wDEWEY
_c2
_i23647
_lLOST
_mBUL
_r1
_sY
_tBOOK
_u2015-4-21
_xTEOLOGIA
_PP35
_0COMPRA
_o.STAFF. Colección General
999 _a232.3 H39
_wDEWEY
_c3
_i33678
_d2022-6-19
_e2022-6-15
_f2021-11-10
_g5
_lCCODEBUL1
_mBUL
_n1
_r0
_sY
_tBOOK
_u2015-4-21
_xTEOLOGIA
_PP35
_0COMPRA
_o.STAFF. Colección General
999 _a232.3 H39
_wDEWEY
_c4
_i37087
_d2016-5-19
_e2016-5-16
_f2021-11-10
_g5
_lCCODEBUL1
_mBUL
_n1
_p20.00
_r0
_sY
_tBOOK
_u2015-6-17
_xTEOLOGIA
_PP35
_0COMPRA
_o.STAFF. Colección Teología
999 _a232.3 H39
_wDEWEY
_c5
_i11480
_f2021-11-10
_g5
_lCCODEBUL1
_mBUL
_r0
_sY
_tBOOK
_u2015-4-21
_xTEOLOGIA
_PP35
_0COMPRA
_o.STAFF. Colección General
999 _a232.3 H39
_wDEWEY
_c6
_i13565
_d2019-6-26
_e2019-4-8
_f2021-11-10
_g5
_lCCODEBUL1
_mBUL
_n3
_p20.00
_q3
_r0
_sY
_tBOOK
_u2015-4-21
_xTEOLOGIA
_PP35
_0COMPRA
_o.STAFF. Colección Teología
999 _a232.3 H39
_wDEWEY
_c7
_i17105
_d2019-4-12
_e2018-11-4
_f2021-11-10
_g5
_lCCODEBUL1
_mBUL
_n3
_p20.00
_q3
_r0
_sY
_tBOOK
_u2015-4-21
_xTEOLOGIA
_PP35
_0COMPRA
_o.STAFF. Colección Teología
999 _a232.3 H39
_wDEWEY
_c8
_i75267
_d2019-9-17
_e2018-6-18
_f2021-11-10
_g4
_lCCODEBUL1
_mBUL
_n4
_q1
_r0
_sY
_tBOOK
_u2016-10-18
_xTEOLOGIA
_PP35
_0COMPRA
_o.STAFF. Colección TEOLOGIA
980 _81
_gALBERTO SANCHEZ Responsable de Automatización